| 000 | 00507nam a2200193 i 4500 | ||
|---|---|---|---|
| 001 | 00000000058392 | ||
| 003 | OSt | ||
| 005 | 20130712110601.0 | ||
| 008 | 020226s1968 esp 000 spa d | ||
| 040 |
_aBU-BP _cBMC |
||
| 082 | _a864.5-6 | ||
| 100 | 1 |
_97 _aUnamuno, Miguel de _d1864-1936 |
|
| 245 | 1 | 0 |
_aSoliloquios y conversaciones _cMiguel de Unamuno |
| 250 | _a2ยช ed | ||
| 260 |
_aBuenos Aires _bEspasa-Calpe Argentina _c1944 |
||
| 300 |
_a168 p. _c18 cm |
||
| 490 |
_aAustral _v286 |
||
| 942 |
_2ddc _cBK |
||
| 999 |
_c201 _d201 |
||